| 000 | 01547nam a2200277 a 4500 | ||
|---|---|---|---|
| 001 | 000009457 | ||
| 005 | 20250204073951.0 | ||
| 008 | 090930s2003 dr g n 001 pdspa d | ||
| 020 | _a9993433578 | ||
| 040 |
_aDO-SdBNP _bspa _cBNPHU |
||
| 082 |
_aRD861.4208 _bM843tr |
||
| 100 | 1 |
_aMoreno Jimenes, Domingo, _d1894-1986 _919534 |
|
| 245 | 1 | 4 |
_aLos triálogos : _bpoesía a tres voces / _cDomingo Moreno Jimenes, Alberto Baeza Flores, Mariano Lebrón Saviñón ; editor Tomás Castro Burdiez. |
| 260 |
_aSanto Domingo : _bEDUCARTE, _c2003. |
||
| 300 |
_a83 p. ; _c21 cm. |
||
| 500 | _aIncluye datos biográficos del autor en la contracubierta. | ||
| 505 | 0 |
_gPresentación a la nueva edición de Los Triálogos / _rMario José Lebrón -- _gUnas notas a los cuarenta años de la primera edición de Los Triálogos / _rAlberto Baeza Flores -- _tÉramos tres / _rMariano Lebrón Saviñón -- _tDomingo Moreno Jimenes: El prólogo que no se escribió -- _tTriálogos: poesía a tres voces -- _tInfinitestética: Tercer libro de los Triálogos -- _tCosmohombre: El cuarto libro de los Triálogos -- _tTres dimensiones de un prólogo. |
|
| 590 | _aInventariado, 2018/VM | ||
| 650 | 4 |
_aPoesía dominicana _xColecciones _9351 |
|
| 650 | 0 |
_aLiteratura dominicana. _967 |
|
| 700 | 1 | 2 |
_aBaeza Flores, Alberto, _d1914-1998 _97565 |
| 700 | 1 | 2 |
_aLebrón Saviñon, Mariano _d1922-2014 _97227 |
| 700 | 2 |
_aCastro, Tomás, _d1959- _eed. _924641 |
|
| 710 | 2 |
_aFundación para la Educación y el Arte (República Dominicana) _920186 |
|
| 910 | _aValidado. Control de calidad EMS. | ||
| 999 |
_c9217 _d9217 |
||